Twelve prophets / (Record no. 7244)
[ view plain ]
| 000 -LEADER | |
|---|---|
| fixed length control field | 01154cam a2200337 a 4500 |
| 001 - CONTROL NUMBER | |
| control field | 4731583 |
| 003 - CONTROL NUMBER IDENTIFIER | |
| control field | GBCCL |
| 005 - DATE AND TIME OF LATEST TRANSACTION | |
| control field | 20241126110623.0 |
| 008 - FIXED-LENGTH DATA ELEMENTS--GENERAL INFORMATION | |
| fixed length control field | 840130m19841985pau b 000 0 eng |
| 010 ## - | |
| -- | 84002372 |
| 020 ## - INTERNATIONAL STANDARD BOOK NUMBER | |
| International Standard Book Number | 0664218105 (v. 1) |
| 020 ## - INTERNATIONAL STANDARD BOOK NUMBER | |
| International Standard Book Number | 066421813X (v. 2) |
| 020 ## - INTERNATIONAL STANDARD BOOK NUMBER | |
| International Standard Book Number | 0664245773 (pbk. : v. 1) |
| 020 ## - INTERNATIONAL STANDARD BOOK NUMBER | |
| International Standard Book Number | 066424582X (pbk. : v. 2) |
| 040 ## - CATALOGING SOURCE | |
| Original cataloging agency | DLC |
| Transcribing agency | DLC |
| Modifying agency | DLC |
| 050 00 - | |
| -- | BS1560 |
| -- | .C72 1984 |
| 082 00 - DEWEY DECIMAL CLASSIFICATION NUMBER | |
| Classification number | 224.9077 |
| Edition information | 19 |
| Item number | CRA |
| 100 1# - MAIN ENTRY--PERSONAL NAME | |
| Personal name | Craigie, Peter C. |
| 9 (RLIN) | 7516 |
| 245 10 - TITLE STATEMENT | |
| Title | Twelve prophets / |
| Statement of responsibility, etc. | Peter C. Craigie. |
| 260 ## - PUBLICATION, DISTRIBUTION, ETC. | |
| Place of publication, distribution, etc. | Philadelphia : |
| Name of publisher, distributor, etc. | Westminster Press, |
| Date of publication, distribution, etc. | c1984-c1985. |
| 300 ## - PHYSICAL DESCRIPTION | |
| Extent | 2 v. ; |
| Dimensions | 20 cm. |
| 440 #0 - SERIES STATEMENT/ADDED ENTRY--TITLE | |
| Title | Daily study Bible--Old Testament |
| 9 (RLIN) | 12829 |
| 490 1# - SERIES STATEMENT | |
| Series statement | Daily study Bible series |
| 504 ## - BIBLIOGRAPHY, ETC. NOTE | |
| Bibliography, etc. note | Includes bibliographies. |
| 505 0# - FORMATTED CONTENTS NOTE | |
| Formatted contents note | v. 1. Hosea, Joel, Amos, Obadiah, and Jonah -- v. 2. Micah, Nahum, Habakkuk, Zephaniah, Haggai, Zechariah, and Malachi. |
| 630 00 - SUBJECT ADDED ENTRY--UNIFORM TITLE | |
| Uniform title | Bible. |
| Name of part/section of a work | Minor Prophets |
| General subdivision | Commentaries. |
| 9 (RLIN) | 11975 |
| 740 0# - | |
| -- | 12 prophets. |
| 830 #0 - | |
| -- | Daily study Bible series (Westminster Press) |
| -- | 8317 |
| 906 ## - LOCAL DATA ELEMENT F, LDF (RLIN) | |
| a | 7 |
| b | cbc |
| c | orignew |
| d | 1 |
| e | ocip |
| f | 19 |
| g | y-gencatlg |
| 942 ## - ADDED ENTRY ELEMENTS (KOHA) | |
| Source of classification or shelving scheme | Dewey Decimal Classification |
| Koha item type | Books |
| Koha issues (borrowed), all copies | 8 |
| Withdrawn status | Lost status | Source of classification or shelving scheme | Damaged status | Not for loan | Home library | Current Library | Shelving location | Date acquired | Total checkouts | Full call number | Barcode | Date last seen | Date last checked out | Copy number | Price effective from | Koha item type |
|---|---|---|---|---|---|---|---|---|---|---|---|---|---|---|---|---|
| Dewey Decimal Classification | GRACE BIBLE COLLEGE | GRACE BIBLE COLLEGE | Biblical Studies | 2018-07-19 | 11 | 224.9077 CRA | 002111 | 2026-02-19 | 2026-02-16 | v.2 | 2018-07-19 | Books |